| 000 | 01085nam0a22002651 4500 | ||
|---|---|---|---|
| 001 | v19\rc\1769338 | ||
| 005 | 20250619070621.0 | ||
| 035 | _a(NLR Aleph) 004867386 | ||
| 090 |
_a5068917 _c5068917 |
||
| 100 | _a20061204d1903 |||y0rusy50 ca | ||
| 101 | 0 | _arus | |
| 102 | _aRU | ||
| 105 | _ay z ||||| | ||
| 200 | 1 | _aДоклад Ревизионной комиссии, [избранной XVI-м Съездом] XVII Съезду нефтепромышленников | |
| 210 |
_a[Баку _d1903] |
||
| 215 |
_a119 с. _d25 |
||
| 532 | 1 | 1 | _aДоклад Ревизионной комиссии, избранной Шестнадцатым Съездом] XVII Съезду нефтепромышленников |
| 710 | 1 | 2 |
_aСъезд нефтепромышленников _d16 _f1902 _eБаку _bРевизионная комиссия |
| 712 | 1 | 2 |
_aСъезд нефтепромышленников _d17 _f1903 _eБаку |
| 801 | 0 |
_aRU _bNLR _gpsbo |
|
| 801 | 0 |
_aRU _bRuMoRGB _2psbo |
|
| 801 | 1 |
_aRU _bProSoft-M _2rusmarc |
|
| 852 |
_aNLR _j34.52.4.559 |
||
| 942 | _cBOOK | ||
| 980 | _aNB | ||